[Event "VI Torneo Parthenope A"]
[Site "Napoli ITA"]
[Date "2014.05.29"]
[Round "2"]
[White "Esposito, Rosario"]
[Black "Supino, Domenico"]
[WhiteElo "1832"]
[BlackElo "2074"]
[Result "0-1"]
[PlyCount "46"]
[EventDate "2014.05.22"]

1. d4 c5 2. d5 Nf6 3. c4 g6 4. Nc3 Bg7 5. e4 d6 6. f3 O-O 7. Be3 Nbd7 8. Nh3
Ne5 9. Nf2 a6 10. Be2 Qa5 11. O-O Rb8 12. Bd2 Qc7 13. a4 e6 14. a5 exd5 15.
cxd5 b5 16. axb6 Qxb6 17. Na4 Qd8 18. Bc3 Nh5 19. Nd3 Nxd3 20. Bxd3 Bxc3 21.
bxc3 Qg5 22. Rf2 Nf4 23. Bf1 Nh3+ 0-1

[Event "VI Torneo Parthenope A"]
[Site "Napoli ITA"]
[Date "2014.05.29"]
[Round "2"]
[White "Farina, Walter"]
[Black "Tortorella, Eduardo"]
[WhiteElo "1606"]
[BlackElo "1493"]
[Result "1-0"]
[PlyCount "43"]
[EventDate "2014.05.22"]

1. b3 e5 2. Bb2 d6 3. e3 Nf6 4. d4 Nc6 5. Bb5 exd4 6. Bxd4 Bd7 7. Bb2 Ne5 8.
Bxd7+ Nfxd7 9. Ne2 Be7 10. Nbc3 Nc4 11. bxc4 Ne5 12. Qd4 Bf6 13. Qe4 c6 14. f4
d5 15. cxd5 Qb6 16. O-O-O O-O 17. fxe5 cxd5 18. Nxd5 Qe6 19. Nef4 Qa6 20. Nxf6+
gxf6 21. Nh5 Kh8 22. Nxf6 1-0

[Event "VI Torneo Parthenope A"]
[Site "Napoli ITA"]
[Date "2014.05.29"]
[Round "2"]
[White "Franzese, Luigi"]
[Black "Baccelliere, Antonio"]
[WhiteElo "1864"]
[BlackElo "1700"]
[Result "0-1"]
[PlyCount "54"]
[EventDate "2014.05.22"]

1. Nf3 Nf6 2. d4 d5 3. c4 e6 4. Nc3 c5 5. Bg5 cxd4 6. Qxd4 Be7 7. cxd5 exd5 8.
e3 O-O 9. Bb5 Nc6 10. Qd2 Ne4 11. Nxe4 dxe4 12. Bxe7 Qxe7 13. Bxc6 bxc6 14. Nd4
c5 15. Nc6 Qc7 16. Ne5 Rd8 17. Qc3 Rd3 18. Qc4 Qa5+ 19. b4 Qxb4+ 20. Qxb4 cxb4
21. O-O Be6 22. Rfc1 Rd2 23. Rc7 Bxa2 24. Rac1 g6 25. Re7 Rad8 26. h3 b3 27.
Rcc7 b2 0-1

[Event "VI Torneo Parthenope A"]
[Site "Napoli ITA"]
[Date "2014.05.29"]
[Round "2"]
[White "Ghiani, Marco"]
[Black "De Rosa, Francesco"]
[WhiteElo "1497"]
[BlackElo "1917"]
[Result "0-1"]
[PlyCount "90"]
[EventDate "2014.05.22"]

1. d4 Nf6 2. c4 g6 3. Nc3 Bg7 4. e4 d6 5. f3 O-O 6. Be3 e5 7. d5 a5 8. Nge2 Na6
9. g4 Bxg4 10. fxg4 Nxg4 11. Qd2 Qh4+ 12. Ng3 Nxe3 13. Qxe3 Bh6 14. Qf2 f5 15.
exf5 gxf5 16. a3 Nc5 17. Nge4 Qxf2+ 18. Nxf2 Rf7 19. Rg1+ Kf8 20. Bh3 e4 21.
Ke2 Re8 22. Rad1 Nd7 23. Nfxe4 Nc5 24. Bxf5 Rxf5 25. Rdf1 Rxf1 26. Rxf1+ Kg7
27. Rg1+ Kf7 28. Rf1+ Kg6 29. Rf6+ Kg7 30. Kf3 Nxe4 31. Nxe4 Rxe4 32. Rxh6 Rxc4
33. Re6 h5 34. h3 b5 35. b3 Rc3+ 36. Re3 b4 37. axb4 axb4 38. h4 Kf6 39. Kf4
Rxe3 40. Kxe3 Ke5 41. Kf3 Kxd5 42. Kf4 c5 43. Kg5 c4 44. bxc4+ Kxc4 45. Kxh5 b3
0-1

[Event "VI Torneo Parthenope A"]
[Site "Napoli ITA"]
[Date "2014.05.29"]
[Round "2"]
[White "Messina, Enrico"]
[Black "Donadio, Andrea"]
[WhiteElo "2169"]
[BlackElo "1909"]
[Result "0-1"]
[PlyCount "84"]
[EventDate "2014.05.22"]

1. e4 c6 2. c4 d5 3. exd5 cxd5 4. cxd5 Nf6 5. Nc3 g6 6. Bc4 Bg7 7. Nge2 O-O 8.
O-O Na6 9. d3 Nc7 10. Nf4 b6 11. a4 Bb7 12. Qb3 Rb8 13. Re1 a6 14. Qxb6 Bxd5
15. Qa5 Bxc4 16. dxc4 Qd6 17. Rb1 Ng4 18. Ne4 Qc6 19. b3 f5 20. Nc3 Bd4 21. Be3
Nxe3 22. fxe3 Bb6 23. Qe5 Bc5 24. Ncd5 Nxd5 25. Qxd5+ Qxd5 26. Nxd5 a5 27. g3
Rb7 28. Nc3 Rd8 29. Nb5 Rd3 30. Kf2 Rbd7 31. Re2 e5 32. Kf3 e4+ 33. Kf2 Rxe3
34. Rxe3 Rd2+ 35. Ke1 Bxe3 36. Rd1 Rxh2 37. Rd2 Bf2+ 38. Kd1 Bxg3 39. c5 e3 40.
Rd7 Rd2+ 41. Kc1 Rxd7 42. Kb2 Be5+ 0-1

[Event "VI Torneo Parthenope A"]
[Site "Napoli ITA"]
[Date "2014.05.29"]
[Round "2"]
[White "Seletsky, Grigory"]
[Black "Zinnai, Graziano Matteo"]
[WhiteElo "2341"]
[BlackElo "2032"]
[Result "1-0"]
[PlyCount "93"]
[EventDate "2014.05.22"]

1. d4 d5 2. c4 e6 3. Nc3 Nf6 4. Bg5 Be7 5. e3 O-O 6. cxd5 exd5 7. Bd3 c6 8. Qc2
Nbd7 9. Nge2 Re8 10. O-O-O Nf8 11. h3 Ne4 12. Bxe7 Qxe7 13. Bxe4 dxe4 14. g4
Ng6 15. Ng3 f5 16. gxf5 Nh4 17. Qxe4 Qxe4 18. Ncxe4 Nxf5 19. Nxf5 Rxe4 20. Nd6
Rh4 21. Rhg1 Be6 22. Nxb7 Bxa2 23. Rg4 Rh5 24. Nc5 Bf7 25. Rdg1 g6 26. h4 Bc4
27. Kd2 Rd8 28. Kc3 Be2 29. Rf4 Rf8 30. Rxf8+ Kxf8 31. Ne6+ Ke7 32. Nf4 Rxh4
33. Nxe2 Rh2 34. Nf4 Kf6 35. Nd3 Kf5 36. Ra1 h5 37. Rxa7 h4 38. Rf7+ Kg4 39.
Ne5+ Kh3 40. Nxg6 Kg2 41. Rh7 Kxf2 42. Rxh4 Rxh4 43. Nxh4 Kxe3 44. Kc4 Kd2 45.
b4 Ke3 46. Nf5+ Ke4 47. Nd6+ 1-0

[Event "VI Torneo Parthenope A"]
[Site "Napoli ITA"]
[Date "2014.05.29"]
[Round "2"]
[White "Taurisano, Vincenzo"]
[Black "Vannini, Aldo"]
[WhiteElo "1934"]
[BlackElo "1775"]
[Result "1-0"]
[PlyCount "23"]
[EventDate "2014.05.22"]

1. e4 e5 2. d4 d5 3. exd5 exd4 4. Bd3 Bd6 5. Nf3 Ne7 6. O-O Bg4 7. Re1 Nd7 8.
Bg5 f6 9. Bh4 c6 10. Nbd2 Qc7 11. Bg3 O-O-O 12. Rxe7 1-0

[Event "VI Torneo Parthenope A"]
[Site "Napoli ITA"]
[Date "2014.06.05"]
[Round "3"]
[White "Baccelliere, Antonio"]
[Black "Buiano, Fabio"]
[WhiteElo "1700"]
[BlackElo "2066"]
[Result "0-1"]
[PlyCount "50"]
[EventDate "2014.05.22"]

1. e4 d6 2. d4 Nf6 3. Nc3 c6 4. Nf3 Bg4 5. Be2 e6 6. Bg5 Be7 7. Qd2 O-O 8. O-O
d5 9. e5 Nfd7 10. Bxe7 Qxe7 11. h3 Bh5 12. g4 Bg6 13. Bd3 c5 14. dxc5 Nxc5 15.
Bxg6 hxg6 16. Kg2 Nc6 17. h4 Rfd8 18. h5 gxh5 19. gxh5 d4 20. Nb5 Rd5 21. h6
Nxe5 22. h7+ Kh8 23. Nxe5 Rxe5 24. Qxd4 Qg5+ 25. Kf3 Re4 0-1

[Event "VI Torneo Parthenope A"]
[Site "Napoli ITA"]
[Date "2014.06.05"]
[Round "3"]
[White "Baltzopoulos, Giorgos"]
[Black "Farina, Walter"]
[WhiteElo "2003"]
[BlackElo "1606"]
[Result "1-0"]
[PlyCount "57"]
[EventDate "2014.05.22"]

1. d4 d5 2. c4 dxc4 3. Nf3 Nf6 4. e3 e6 5. Bxc4 c5 6. Qe2 Nc6 7. O-O a6 8. dxc5
Bxc5 9. Nc3 O-O 10. Rd1 Qe7 11. h3 Rd8 12. Bd2 b5 13. Bb3 Bb7 14. e4 Nd4 15.
Nxd4 Bxd4 16. Bg5 e5 17. Nd5 Bxd5 18. exd5 h6 19. Bh4 Qd6 20. Bg3 Qb6 21. Bxe5
Bxe5 22. Qxe5 Re8 23. Qf5 Re2 24. Rac1 Rae8 25. d6 Rd8 26. Rc7 Nd7 27. Qxf7+
Kh8 28. Rxd7 Rxd7 29. Qg8# 1-0

[Event "VI Torneo Parthenope A"]
[Site "Napoli ITA"]
[Date "2014.06.03"]
[Round "3"]
[White "Capozzoli, Silvio"]
[Black "Sparice, Lorenzo"]
[WhiteElo "1743"]
[BlackElo "1473"]
[Result "0-1"]
[PlyCount "60"]
[EventDate "2014.05.22"]

1. d4 Nf6 2. Nf3 e6 3. h4 d5 4. c3 c5 5. e3 a6 6. Nbd2 b5 7. a3 Bb7 8. Be2 Be7
9. Ne5 h5 10. Ndf3 Nbd7 11. Qc2 Nxe5 12. Nxe5 Ne4 13. Bf3 cxd4 14. exd4 Bxh4
15. g3 Bf6 16. Rxh5 Rxh5 17. Bxh5 Bxe5 18. dxe5 Qc7 19. Be3 Qxe5 20. Bf3 Nxg3
21. O-O-O Ne4 22. Qb3 Rc8 23. Be2 Nxc3 24. Kd2 Nxd1 25. Kxd1 Qc7 26. a4 Qa5 27.
Bd2 Qxa4 28. Qxa4 bxa4 29. Ke1 e5 30. f3 d4 0-1

[Event "VI Torneo Parthenope A"]
[Site "Napoli ITA"]
[Date "2014.06.05"]
[Round "3"]
[White "De Rosa, Francesco"]
[Black "Auletta, Pasquale"]
[WhiteElo "1917"]
[BlackElo "1557"]
[Result "1-0"]
[PlyCount "57"]
[EventDate "2014.05.22"]

1. e4 c5 2. Nf3 d6 3. d4 cxd4 4. Nxd4 Nf6 5. Nc3 a6 6. Bg5 e6 7. Qd2 Be7 8. f4
b5 9. Bxf6 Bxf6 10. O-O-O Bb7 11. a3 Nd7 12. Be2 Rc8 13. Kb1 Nb6 14. Qd3 Nc4
15. Ka2 Qb6 16. Bf3 Qa5 17. e5 Bxf3 18. Nxf3 Be7 19. exd6 Bxd6 20. Ne4 Rd8 21.
Nxd6+ Rxd6 22. Qe4 Rxd1 23. Rxd1 O-O 24. Ng5 g6 25. Rd3 h6 26. Nxe6 fxe6 27.
Qxg6+ Kh8 28. Qxh6+ Kg8 29. Qg6+ 1-0

[Event "VI Torneo Parthenope A"]
[Site "Napoli ITA"]
[Date "2014.06.05"]
[Round "3"]
[White "Donadio, Andrea"]
[Black "Seletsky, Grigory"]
[WhiteElo "1909"]
[BlackElo "2341"]
[Result "0-1"]
[PlyCount "69"]
[EventDate "2014.05.22"]

1. Nf3 c5 2. e3 Nc6 3. d4 cxd4 4. exd4 d5 5. Bf4 Bg4 6. c3 e6 7. Nbd2 Bd6 8.
Bg3 Nge7 9. Bd3 Nf5 10. Qc2 h5 11. Bxd6 Qxd6 12. O-O-O Rc8 13. Qa4 Ke7 14. Kb1
a6 15. b4 Bxf3 16. Nxf3 Qf4 17. b5 axb5 18. Qxb5 g5 19. Rhe1 g4 20. Ne5 Kf6 21.
g3 Qg5 22. Nd7+ Kg7 23. Nc5 Nd6 24. Qb2 Rhe8 25. Nd7 b5 26. Ne5 Nc4 27. Bxc4
bxc4 28. Nxc6 Rxc6 29. Qb4 Qf5+ 30. Ka1 Ra8 31. Rd2 Rca6 32. Qe7 R8a7 33. Qd8
Ra8 34. Qh4 f6 35. f4 0-1

[Event "VI Torneo Parthenope A"]
[Site "Napoli ITA"]
[Date "2014.06.05"]
[Round "3"]
[White "Esposito, Luca"]
[Black "Di Gennaro, Antonio"]
[WhiteElo "2214"]
[BlackElo "1674"]
[Result "1-0"]
[PlyCount "55"]
[EventDate "2014.05.22"]

1. d4 d5 2. c4 e6 3. Nc3 c6 4. e4 dxe4 5. Nxe4 Bb4+ 6. Bd2 Qxd4 7. Bxb4 Qxe4+
8. Be2 Na6 9. Bd6 b6 10. Nf3 Bb7 11. Ne5 f6 12. O-O fxe5 13. Bh5+ g6 14. Re1
Qh4 15. Bxe5 Nf6 16. Qd6 Nc5 17. g3 Rd8 18. Qxd8+ Kxd8 19. gxh4 Rf8 20. Bf3
Nfd7 21. Bg4 Nd3 22. Bd6 Nxf2 23. Bxe6 Rf6 24. Bg3 Nd3 25. Re3 N7c5 26. Bh3 Bc8
27. Bf1 Bf5 28. Rd1 1-0

[Event "VI Torneo Parthenope A"]
[Site "Napoli ITA"]
[Date "2014.06.05"]
[Round "3"]
[White "Freda, Guido"]
[Black "Franzese, Luigi"]
[WhiteElo "1570"]
[BlackElo "1864"]
[Result "0-1"]
[PlyCount "64"]
[EventDate "2014.05.22"]

1. d4 Nf6 2. c4 g6 3. Nc3 Bg7 4. Bg5 O-O 5. e3 d6 6. h3 h6 7. Bh4 Nbd7 8. Nf3
c6 9. Be2 e5 10. O-O Qc7 11. Qc2 Re8 12. dxe5 dxe5 13. e4 Nf8 14. Bg3 Nh5 15.
Bh2 Ne6 16. Rad1 Nhf4 17. Rfe1 Bd7 18. b4 Rad8 19. c5 Bc8 20. Bc4 a6 21. Na4
Nd4 22. Nxd4 exd4 23. Rd3 Be5 24. Rf3 d3 25. Bxd3 Nxd3 26. Rxd3 Bxh2+ 27. Kh1
Rxd3 28. Qxd3 Rd8 29. Qxd8+ Qxd8 30. Kxh2 Qd2 31. Rf1 Qxb4 32. Nb6 Be6 0-1

[Event "VI Torneo Parthenope A"]
[Site "Napoli ITA"]
[Date "2014.06.05"]
[Round "3"]
[White "Solombrino, Giovanni"]
[Black "Ghiani, Marco"]
[WhiteElo "1859"]
[BlackElo "1497"]
[Result "0-1"]
[PlyCount "74"]
[EventDate "2014.05.22"]

1. e4 c6 2. d4 d5 3. Nd2 dxe4 4. Nxe4 Nd7 5. Ng5 Ngf6 6. Bd3 h6 7. Ne6 Qb6 8.
Nxf8 Nxf8 9. c3 Be6 10. Ne2 O-O-O 11. a4 Bd5 12. Nf4 g5 13. a5 Qc7 14. Nxd5
Nxd5 15. O-O e6 16. Bc4 Ng6 17. Bxd5 Rxd5 18. b4 e5 19. Qg4+ Qd7 20. Qxd7+ Kxd7
21. Be3 e4 22. f3 exf3 23. Rxf3 Rf8 24. c4 Rd6 25. d5 cxd5 26. Bc5 Ne5 27. Rf5
Nxc4 28. Bxd6 Kxd6 29. Rf6+ Ke5 30. Rxh6 b6 31. a6 Ne3 32. Rc6 d4 33. Rc7 d3
34. Kf2 Nc2 35. Rb1 Na3 36. Rd1 Nb5 37. Ke3 Nxc7 0-1

[Event "VI Torneo Parthenope A"]
[Site "Napoli ITA"]
[Date "2014.06.05"]
[Round "3"]
[White "Supino, Domenico"]
[Black "Caiazzo, Diego"]
[WhiteElo "2074"]
[BlackElo "1780"]
[Result "1-0"]
[PlyCount "95"]
[EventDate "2014.05.22"]

1. d4 e6 2. c4 d5 3. Nf3 Nf6 4. g3 Be7 5. Bg2 c6 6. O-O O-O 7. Qc2 Nbd7 8. b3
Re8 9. Bb2 Bf8 10. Nbd2 g6 11. Rfd1 Bg7 12. h3 a6 13. a4 Nf8 14. Ne5 N6d7 15.
Nd3 Nb6 16. c5 Nbd7 17. a5 Qc7 18. e4 f6 19. Re1 Qd8 20. b4 g5 21. Re2 Ng6 22.
Rae1 Ndf8 23. exd5 cxd5 24. c6 bxc6 25. Qxc6 Bd7 26. Qd6 Bb5 27. Qxd8 Raxd8 28.
Re3 Bxd3 29. Rxd3 f5 30. Nb3 Nd7 31. Rde3 Kf7 32. Bf1 Nb8 33. b5 axb5 34. Bxb5
Re7 35. a6 Nd7 36. Ba3 Ree8 37. Nc5 Ngf8 38. Nb7 Nb6 39. Nxd8+ Rxd8 40. Bxf8
Rxf8 41. Rxe6 Bxd4 42. Re7+ Kg8 43. Bc6 h5 44. a7 f4 45. g4 hxg4 46. hxg4 Bf6
47. Rb7 Bd8 48. Bxd5+ 1-0

[Event "VI Torneo Parthenope A"]
[Site "Napoli ITA"]
[Date "2014.06.05"]
[Round "3"]
[White "Tortorella, Eduardo"]
[Black "Esposito, Rosario"]
[WhiteElo "1493"]
[BlackElo "1832"]
[Result "0-1"]
[PlyCount "74"]
[EventDate "2014.05.22"]

1. e4 c5 2. Nf3 e6 3. c4 g6 4. Be2 Bg7 5. O-O Ne7 6. Nc3 O-O 7. e5 Nbc6 8. Ne4
Nxe5 9. Nxe5 Bxe5 10. g3 d6 11. d3 Bg7 12. Rb1 b6 13. Bf3 Rb8 14. b4 Bb7 15.
bxc5 dxc5 16. Bf4 e5 17. Be3 Nf5 18. Rb3 Nd4 19. Bxd4 Qxd4 20. a4 h6 21. Qb1 f5
22. Nd2 e4 23. Be2 Qd6 24. a5 Rfd8 25. axb6 axb6 26. Qc2 Ba8 27. Nb1 Qc6 28.
dxe4 Qxe4 29. Qxe4 Bxe4 30. Na3 Rd2 31. Bf3 Bxf3 32. Rxf3 Rbd8 33. Nb5 Rc2 34.
Nc7 Rxc4 35. Rb1 Rb4 36. Rxb4 cxb4 37. Rb3 Bc3 0-1

[Event "VI Torneo Parthenope A"]
[Site "Napoli ITA"]
[Date "2014.06.05"]
[Round "3"]
[White "Vannini, Aldo"]
[Black "Messina, Enrico"]
[WhiteElo "1775"]
[BlackElo "2169"]
[Result "0-1"]
[PlyCount "74"]
[EventDate "2014.05.22"]

1. d4 Nf6 2. c4 c5 3. d5 e5 4. Bg5 d6 5. e4 Be7 6. Nf3 Nxe4 7. Bxe7 Qxe7 8. Be2
O-O 9. O-O Nd7 10. Nbd2 Nef6 11. Qb3 Re8 12. Qe3 Nf8 13. Ne4 Ng4 14. Qg5 f6 15.
Qd2 f5 16. Ng3 h6 17. h3 Nf6 18. Rfe1 Ng6 19. Nh2 Nf4 20. Qc2 g6 21. Bf1 Kh8
22. Ne2 g5 23. a3 Ng6 24. Ng3 Nh4 25. b4 Qc7 26. Be2 Bd7 27. Nh5 Rf8 28. Nxf6
Rxf6 29. g3 Ng6 30. Bh5 Ne7 31. Rad1 Be8 32. Bxe8 Rxe8 33. Qc3 Ng6 34. f4 gxf4
35. gxf4 Nxf4 36. Qf3 Rg8+ 37. Kh1 Rfg6 0-1

[Event "VI Torneo Parthenope A"]
[Site "Napoli ITA"]
[Date "2014.06.05"]
[Round "3"]
[White "Zinnai, Graziano Matteo"]
[Black "Angelotti, Mario"]
[WhiteElo "2032"]
[BlackElo "1718"]
[Result "1-0"]
[PlyCount "51"]
[EventDate "2014.05.22"]

1. e4 e5 2. Nf3 Nf6 3. d3 Nc6 4. c3 d5 5. Nbd2 Bg4 6. Qc2 Bd6 7. b4 a6 8. Bb2
dxe4 9. dxe4 O-O 10. Be2 Nd7 11. O-O Qe7 12. a3 b5 13. c4 Bxf3 14. Nxf3 bxc4
15. Bxc4 Nb6 16. Bxa6 Nd4 17. Nxd4 exd4 18. Bd3 Be5 19. f4 Bd6 20. e5 Bxe5 21.
Bxh7+ Kh8 22. fxe5 Qxe5 23. Rf3 g6 24. Rh3 Kg7 25. Qd2 Nd5 26. Bxd4 1-0

[Event "VI Torneo Parthenope A"]
[Site "Napoli ITA"]
[Date "2014.06.12"]
[Round "4"]
[White "Angelotti, Mario"]
[Black "Esposito, Rosario"]
[WhiteElo "1718"]
[BlackElo "1832"]
[Result "1/2-1/2"]
[PlyCount "30"]
[EventDate "2014.05.22"]

1. e4 c5 2. Nf3 e6 3. d4 cxd4 4. Nxd4 Nc6 5. Nc3 Qc7 6. Be3 a6 7. Be2 Nf6 8.
O-O Bb4 9. Na4 O-O 10. Nxc6 bxc6 11. Nb6 Rb8 12. Nxc8 Rfxc8 13. Bxa6 Re8 14.
Bd3 Bd6 15. f4 e5 1/2-1/2

[Event "VI Torneo Parthenope A"]
[Site "Napoli ITA"]
[Date "2014.06.12"]
[Round "4"]
[White "Auletta, Pasquale"]
[Black "Taurisano, Vincenzo"]
[WhiteElo "1557"]
[BlackElo "1934"]
[Result "0-1"]
[PlyCount "120"]
[EventDate "2014.05.22"]

1. e4 e5 2. Nf3 d6 3. d4 exd4 4. Nxd4 Nf6 5. Nc3 Be7 6. Bc4 O-O 7. O-O Nc6 8.
h3 Nxd4 9. Qxd4 c6 10. Be3 Be6 11. Rad1 Bxc4 12. Qxc4 Qc8 13. Rd2 b5 14. Qe2 b4
15. Na4 Nxe4 16. Rd4 d5 17. Bd2 Rb8 18. f3 Ng3 19. Qxe7 Nxf1 20. Kxf1 Qa6+ 21.
Kf2 Qxa4 22. Bxb4 Qxc2+ 23. Rd2 Qc4 24. a3 d4 25. Qxa7 Rfd8 26. Bd6 Ra8 27.
Qxd4 Qxd4+ 28. Rxd4 Rd7 29. Bc5 Rxd4 30. Bxd4 f5 31. Ke3 Kf7 32. Kd3 g6 33. Kc4
Ke6 34. Kc5 Kd7 35. g4 fxg4 36. fxg4 Rf8 37. a4 Rf3 38. h4 Rg3 39. a5 Rxg4 40.
Bf6 Rf4 41. Bg5 Rf5+ 42. Kb4 Rb5+ 43. Ka4 Rxb2 44. Bc1 Rb1 45. Bg5 c5 46. a6
Kc6 47. Bd8 Ra1+ 48. Kb3 Rxa6 49. Kc4 h6 50. Bf6 Ra4+ 51. Kd3 Kd5 52. Kc3 c4
53. Bg7 Ra3+ 54. Kb4 Rh3 55. Bxh6 Rxh4 56. Bg5 Rh3 57. Bd2 Kd4 58. Be1 Kd3 59.
Bc3 g5 60. Be1 Rh7 0-1

[Event "VI Torneo Parthenope A"]
[Site "Napoli ITA"]
[Date "2014.06.12"]
[Round "4"]
[White "Buiano, Fabio"]
[Black "Supino, Domenico"]
[WhiteElo "2066"]
[BlackElo "2074"]
[Result "1-0"]
[PlyCount "73"]
[EventDate "2014.05.22"]

1. e4 e6 2. d4 d5 3. Nc3 Nf6 4. Bg5 Be7 5. e5 Nfd7 6. Bxe7 Qxe7 7. f4 a6 8. Nf3
c5 9. dxc5 Nc6 10. Qd2 Nxc5 11. Bd3 b5 12. O-O-O Bd7 13. Kb1 b4 14. Ne2 Nxd3
15. cxd3 O-O 16. Rc1 Rfc8 17. Ned4 Nxd4 18. Nxd4 a5 19. g3 a4 20. Qe3 Qd8 21.
Ne2 Qa5 22. Qd4 b3 23. a3 Bb5 24. Nc3 Qa6 25. Rhd1 h6 26. g4 Bd7 27. f5 Ra7 28.
f6 Rac7 29. fxg7 Kxg7 30. h4 Be8 31. h5 Qa5 32. g5 hxg5 33. Rg1 Qc5 34. Qf4 Qe7
35. Rxg5+ Kh8 36. Rcg1 Bd7 37. Rg8+ 1-0

[Event "VI Torneo Parthenope A"]
[Site "Napoli ITA"]
[Date "2014.06.12"]
[Round "4"]
[White "Farina, Walter"]
[Black "Caiazzo, Diego"]
[WhiteElo "1606"]
[BlackElo "1780"]
[Result "1-0"]
[PlyCount "65"]
[EventDate "2014.05.22"]

1. b3 e6 2. Bb2 Nf6 3. e3 d5 4. Nf3 Be7 5. c4 O-O 6. Na3 Nbd7 7. cxd5 exd5 8.
Be2 c6 9. Nc2 Re8 10. h3 Bf8 11. Ncd4 a6 12. Nh2 c5 13. Nf5 g6 14. Ng3 Bg7 15.
O-O b6 16. f4 Ne4 17. Nxe4 Bxb2 18. Rb1 dxe4 19. Rxb2 Nf6 20. g4 Nd5 21. Qe1
Nb4 22. Qg3 Nd3 23. Bxd3 Qxd3 24. f5 Ra7 25. f6 g5 26. h4 Qd5 27. Rf2 Qe5 28.
Qh3 Re6 29. Rf5 Qxb2 30. hxg5 Rxf6 31. gxf6 Qa1+ 32. Nf1 Qd1 33. Rg5+ 1-0

[Event "VI Torneo Parthenope A"]
[Site "Napoli ITA"]
[Date "2014.06.12"]
[Round "4"]
[White "Franzese, Luigi"]
[Black "Di Gennaro, Antonio"]
[WhiteElo "1864"]
[BlackElo "1674"]
[Result "1-0"]
[PlyCount "67"]
[EventDate "2014.05.22"]

1. e4 c5 2. Nc3 Nc6 3. Nf3 e5 4. Bb5 d6 5. O-O a6 6. Bxc6+ bxc6 7. h3 g6 8. d3
Bg7 9. Qe2 Ne7 10. Bg5 O-O 11. Qd2 Qc7 12. Bh6 f5 13. Bxg7 Kxg7 14. a4 f4 15.
a5 h6 16. Na4 Be6 17. Nb6 Rab8 18. Nh2 Nc8 19. Nxc8 Qxc8 20. Qc3 f3 21. Nxf3
Bxh3 22. Nxe5 dxe5 23. Qxe5+ Kg8 24. gxh3 Qxh3 25. b3 Rbe8 26. Qg3 Qh5 27. f4
Kh7 28. Rf2 c4 29. bxc4 Qc5 30. Kg2 Rg8 31. Qh3 g5 32. f5 g4 33. Qh4 Rg5 34.
Rh1 1-0

[Event "VI Torneo Parthenope A"]
[Site "Napoli ITA"]
[Date "2014.06.12"]
[Round "4"]
[White "Freda, Guido"]
[Black "Tortorella, Eduardo"]
[WhiteElo "1570"]
[BlackElo "1493"]
[Result "0-1"]
[PlyCount "52"]
[EventDate "2014.05.22"]

1. d4 e6 2. e4 d6 3. Nf3 Be7 4. g3 Nf6 5. Nc3 c6 6. Bg2 O-O 7. O-O b5 8. b4 a5
9. a3 axb4 10. Nb1 Nxe4 11. Qd3 d5 12. Nfd2 f5 13. f3 Nxd2 14. Nxd2 Bf6 15. Bb2
bxa3 16. Bxa3 Rf7 17. Bc5 Ra4 18. Rxa4 bxa4 19. Rb1 Ba6 20. Rxb8 Bxd3 21. Rxd8+
Bxd8 22. cxd3 Rb7 23. Kf2 Kf7 24. Ke3 Be7 25. f4 Bxc5 26. dxc5 Rb2 0-1

[Event "VI Torneo Parthenope A"]
[Site "Napoli ITA"]
[Date "2014.06.12"]
[Round "4"]
[White "Ghiani, Marco"]
[Black "Baltzopoulos, Giorgos"]
[WhiteElo "1497"]
[BlackElo "2003"]
[Result "0-1"]
[PlyCount "130"]
[EventDate "2014.05.22"]

1. d4 Nf6 2. c4 e6 3. Nc3 c5 4. e3 Nc6 5. Nf3 d6 6. Be2 Be7 7. O-O O-O 8. b3 b6
9. Bb2 Bb7 10. a3 Re8 11. Qc2 a6 12. Rfd1 Qc7 13. d5 Nd8 14. e4 e5 15. Nd2 Bc8
16. h3 g6 17. Bc1 Bf8 18. Nf1 Bg7 19. Ng3 Qe7 20. Be3 Qf8 21. Qd2 Kh8 22. b4
Bd7 23. Rdb1 Ng8 24. bxc5 bxc5 25. Rb6 f5 26. exf5 gxf5 27. Bg5 Nf7 28. Bh4 Bf6
29. Bxf6+ Nxf6 30. Nh5 Qe7 31. Nxf6 Qxf6 32. Bh5 Re7 33. Bxf7 Rxf7 34. Rab1 Rg8
35. Rb8 Bc8 36. R1b3 Qh4 37. Ne2 Rfg7 38. Rg3 Rxg3 39. Nxg3 Qxc4 40. Rxc8 Rxc8
41. Nxf5 Qf4 42. Qxf4 exf4 43. Kf1 f3 44. Nxd6 fxg2+ 45. Kxg2 Rf8 46. Kg3 Kg7
47. Nc4 Kf6 48. Kf4 Ke7+ 49. Ke3 Rf5 50. d6+ Ke6 51. f4 Rh5 52. Ke4 Rxh3 53.
f5+ Kd7 54. f6 Ke6 55. f7 Kxf7 56. Kd5 Rh4 57. Kxc5 Rxc4+ 58. Kxc4 Ke6 59. Kc5
Kd7 60. Kd5 h5 61. Ke5 h4 62. Kf4 Kxd6 63. Kg4 Kc5 64. Kxh4 Kc4 65. Kg3 Kb3 0-1

[Event "VI Torneo Parthenope A"]
[Site "Napoli ITA"]
[Date "2014.06.12"]
[Round "4"]
[White "Messina, Enrico"]
[Black "Baccelliere, Antonio"]
[WhiteElo "2169"]
[BlackElo "1700"]
[Result "1-0"]
[PlyCount "51"]
[EventDate "2014.05.22"]

1. e4 e5 2. Nf3 Nc6 3. d3 Nf6 4. Be2 d5 5. Nbd2 dxe4 6. dxe4 Bc5 7. O-O O-O 8.
c3 h6 9. b4 Bd6 10. Qc2 Be6 11. Nc4 Qe7 12. b5 Bxc4 13. Bxc4 Na5 14. Be2 c6 15.
a4 Rfc8 16. Nh4 Qe6 17. Nf5 Bc7 18. Ba3 Kh7 19. Ne3 cxb5 20. axb5 Bb6 21. Nd5
Nc4 22. Be7 Bc5 23. Bxf6 Na3 24. Rxa3 Bxa3 25. Bh4 g5 26. Bg4 1-0

[Event "VI Torneo Parthenope A"]
[Site "Napoli ITA"]
[Date "2014.06.12"]
[Round "4"]
[White "Seletsky, Grigory"]
[Black "Esposito, Luca"]
[WhiteElo "2341"]
[BlackElo "2214"]
[Result "1/2-1/2"]
[PlyCount "86"]
[EventDate "2014.05.22"]

1. e4 c5 2. Nf3 d6 3. Bb5+ Bd7 4. Bxd7+ Qxd7 5. c4 Nf6 6. Nc3 Nc6 7. O-O e6 8.
d4 cxd4 9. Nxd4 Be7 10. b3 O-O 11. Be3 Rfd8 12. Qe2 Nxd4 13. Bxd4 Qc6 14. Rac1
Ne8 15. Rfd1 Bf6 16. Rc2 Bxd4 17. Rxd4 Rd7 18. Qd1 Rad8 19. Rcd2 Nf6 20. Nb5
Nxe4 21. Nxa7 Qc5 22. Rxe4 Qxa7 23. Red4 Qc5 24. a4 g6 25. g3 d5 26. R2d3 Rd6
27. Qd2 b6 28. h4 h5 29. Qg5 Qc6 30. Qf4 R6d7 31. Qd2 Rd6 32. Qb4 Qc5 33. Qb5
Qxb5 34. axb5 Kf8 35. b4 e5 36. Rxd5 Rxd5 37. cxd5 Ke7 38. Kg2 Rd7 39. Kf3 Kd6
40. Rc3 Kxd5 41. Rc6 Rd6 42. Rc7 Rf6+ 43. Ke3 e4 1/2-1/2

[Event "VI Torneo Parthenope A"]
[Site "Napoli ITA"]
[Date "2014.06.12"]
[Round "4"]
[White "Solombrino, Giovanni"]
[Black "Capozzoli, Silvio"]
[WhiteElo "1859"]
[BlackElo "1743"]
[Result "1-0"]
[PlyCount "73"]
[EventDate "2014.05.22"]

1. e4 d5 2. exd5 Qxd5 3. Nc3 Qd6 4. d4 Nf6 5. Bd3 Bg4 6. f3 Bh5 7. Nge2 Nc6 8.
Bf4 Qd8 9. h4 a6 10. g4 Bg6 11. Ne4 Nd5 12. c3 e6 13. Qd2 Be7 14. Bg3 Bxe4 15.
fxe4 Nb6 16. g5 Qd7 17. O-O f6 18. Qf4 O-O-O 19. Qg4 Ne5 20. Bxe5 fxe5 21. Rf7
exd4 22. Nxd4 Qd6 23. Nxe6 Rd7 24. Rd1 Qc6 25. Nd4 Qc5 26. Rf5 Qd6 27. e5 Qc5
28. e6 Rd5 29. Be4 Re5 30. Rxe5 Qxe5 31. Nf5 Bc5+ 32. Kg2 Rf8 33. e7 Re8 34.
Nxg7+ Kb8 35. Rd8+ Nc8 36. Qxc8+ Ka7 37. Qxb7# 1-0

[Event "VI Torneo Parthenope A"]
[Site "Napoli ITA"]
[Date "2014.06.12"]
[Round "4"]
[White "Sparice, Lorenzo"]
[Black "Vannini, Aldo"]
[WhiteElo "1473"]
[BlackElo "1775"]
[Result "0-1"]
[PlyCount "103"]
[EventDate "2014.05.22"]

1. Nf3 d5 2. c4 e6 3. e3 Nf6 4. b3 Nbd7 5. g3 Be7 6. Bb2 O-O 7. d3 Re8 8. Bg2
c6 9. O-O Bf8 10. Ne5 Nxe5 11. Bxe5 Nd7 12. Bb2 Nf6 13. Nd2 Rb8 14. Be5 Ra8 15.
h3 Nd7 16. Nf3 f6 17. Bc3 e5 18. cxd5 cxd5 19. Ne1 Nb6 20. a4 Be6 21. a5 Nd7
22. d4 Rc8 23. Bb2 e4 24. f4 Nb8 25. Nc2 Na6 26. Ba3 Bd6 27. Bxd6 Qxd6 28. Qd2
Rc7 29. Rac1 Rec8 30. Ne1 Qb4 31. Qxb4 Nxb4 32. Rxc7 Rxc7 33. Rf2 Rc6 34. g4
Bd7 35. g5 fxg5 36. fxg5 Rc3 37. Bf1 Rxe3 38. Kh2 Rc3 39. h4 h6 40. Ng2 Nc6 41.
Nf4 Ne7 42. Rb2 Rc6 43. Rb1 Rf6 44. Bh3 Bc6 45. Be6+ Kf8 46. Nh5 Ng8 47. Bxg8
Rf5 48. Kg2 Ke7 49. Kg3 Rf8 50. Nf4 Rf5 51. Nh3 Rf8 52. gxh6 0-1